[Event "Chigorin Memorial 27th"]
[Site "St Petersburg"]
[Date "2019.10.13"]
[Round "9"]
[White "Sawlin, Leonid"]
[Black "Rubtsov, Aleksandr"]
[Result "1-0"]
[WhiteElo "2395"]
[BlackElo "1883"]
[PlyCount "81"]
[EventDate "2019.10.05"]
[EventType "swiss"]
[EventRounds "9"]
[EventCountry "RUS"]
[SourceTitle "EXT 2021"]
[Source "ChessBase"]
[SourceDate "2020.10.23"]
[SourceVersion "1"]
[SourceVersionDate "2020.10.23"]
[SourceQuality "1"]

1. e4 c5 2. Nf3 d6 3. d4 cxd4 4. Nxd4 Nf6 5. Nc3 a6 6. f3 e6 7. Be3 b5 8. Qd2 Nbd7 9. a4 b4 10. Na2 d5 11. e5 Nxe5 12. Nxb4 Bd6 13. a5 Bb7 14. Be2 Qc7 15. b3 Ng6 16. Bd3 Nf4 17. Bxa6 Nxg2+ 18. Kf2 Bxa6 19. Nxa6 Rxa6 20. Nb5 Qd7 21. Nxd6+ Qxd6 22. Kxg2 0-0 23. b4 Rb8 24. Rhb1 Rb5 25. Qd3 Qb8 26. Bb6 Raxb6 27. axb6 Rxb6 28. Ra4 Nh5 29. Qd4 h6 30. Rba1 e5 31. Qc5 Nf4+ 32. Kf1 Qd8 33. Ra8 Rb8 34. Qa7 Rxa8 35. Qxa8 Qxa8 36. Rxa8+ Kh7 37. b5 Ne6 38. b6 Nc5 39. Rc8 Na6 40. b7 Kg6 41. Ra8 1-0

[Event "Chigorin Memorial 27th"]
[Site "St Petersburg"]
[Date "2019.10.10"]
[Round "6"]
[White "Rubtsov, Aleksandr"]
[Black "Stepanov, Artem"]
[Result "1-0"]
[WhiteElo "1883"]
[BlackElo "1401"]
[PlyCount "53"]
[EventDate "2019.10.05"]
[EventType "swiss"]
[EventRounds "9"]
[EventCountry "RUS"]
[SourceTitle "EXT 2020"]
[Source "ChessBase"]
[SourceDate "2019.10.17"]
[SourceVersion "1"]
[SourceVersionDate "2019.10.17"]
[SourceQuality "1"]

1. e4 c5 2. Nf3 g6 3. c4 Nc6 4. d4 cxd4 5. Nxd4 Bg7 6. Be3 Nf6 7. Nc3 d6 8. Be2 0-0 9. 0-0 Ne5 10. h3 a6 11. Qd2 Re8 12. Rad1 Qc7 13. b3 Bd7 14. Nd5 Qd8 15. Nxf6+ Bxf6 16. Bg5 Bh8 17. f4 Nc6 18. Nc2 Qb6+ 19. Kh1 Rad8 20. f5 Bc8 21. fxg6 hxg6 22. Qf4 Be6 23. Bg4 Ne5 24. Bxe6 fxe6 25. Qh4 Rd7 26. Nd4 Nxc4 27. Rf7 1-0

[Event "Chigorin Memorial 27th"]
[Site "St Petersburg"]
[Date "2019.10.07"]
[Round "3"]
[White "Kobak, Polina"]
[Black "Rubtsov, Aleksandr"]
[Result "0-1"]
[WhiteElo "1549"]
[BlackElo "1883"]
[PlyCount "102"]
[EventDate "2019.10.05"]
[EventType "swiss"]
[EventRounds "9"]
[EventCountry "RUS"]
[SourceTitle "EXT 2020"]
[Source "ChessBase"]
[SourceDate "2019.10.17"]
[SourceVersion "1"]
[SourceVersionDate "2019.10.17"]
[SourceQuality "1"]

1. d4 d5 2. c4 c6 3. Nf3 Nf6 4. Qc2 dxc4 5. Qxc4 Bg4 6. Nbd2 e6 7. g3 Nbd7 8. Bg2 Be7 9. 0-0 0-0 10. e4 Re8 11. b3 h6 12. Bb2 Rc8 13. h3 Bh5 14. g4 Bg6 15. Qe2 c5 16. Ne5 cxd4 17. Nxg6 fxg6 18. Bxd4 e5 19. Be3 Bc5 20. Nc4 Qe7 21. Rfd1 Red8 22. Qb2 Bxe3 23. Nxe3 Nc5 24. Nd5 Qe6 25. Qe2 Qf7 26. Rac1 Ne6 27. Qe3 b6 28. Rxc8 Rxc8 29. Rc1 Rd8 30. Kh2 g5 31. Qc3 Nd4 32. Qc7 Rd7 33. Qxe5 Nxd5 34. exd5 Qxf2 35. Qe8+ Qf8 36. Qe4 Qf4+ 37. Qxf4 gxf4 38. Rd1 Nb5 39. Kg1 Kf7 40. Kf2 Kf6 41. h4 Nc3 42. Rd2 Ke5 43. Rc2 Rc7 44. Rd2 Rd7 45. Rc2 Kd4 46. Rd2+ Ke5 47. Rc2 Nxd5 48. Rc4 g5 49. hxg5 hxg5 50. Re4+ Kf6 51. Rd4 Ke6 0-1

[Event "Chigorin Memorial 25th"]
[Site "St Petersburg"]
[Date "2017.10.28"]
[Round "8"]
[White "Pradeep, Pandya"]
[Black "Rubtsov, Aleksandr"]
[Result "1/2-1/2"]
[WhiteElo "1571"]
[BlackElo "1895"]
[PlyCount "86"]
[EventDate "2017.10.21"]
[EventType "swiss"]
[EventRounds "9"]
[EventCountry "RUS"]
[SourceTitle "CBM 181 Extra"]
[Source "ChessBase"]
[SourceDate "2017.12.12"]
[SourceVersion "1"]
[SourceVersionDate "2017.12.12"]
[SourceQuality "1"]

1. d4 d5 2. c4 e6 3. Nc3 Nf6 4. Bg5 c6 5. Nf3 dxc4 6. e4 b5 7. e5 h6 8. Bh4 g5 9. Bg3 Nd5 10. Nxd5 Qxd5 11. a3 Bb7 12. Qd2 Nd7 13. Be2 Be7 14. 0-0 Nb6 15. Ne1 0-0-0 16. Rd1 Kb8 17. f4 c5 18. Qa5 cxd4 19. Bf3 Qd7 20. f5 Bc5 21. b4 cxb3 22. Nd3 Nc4 23. Nxc5 Nxa5 24. Nxd7+ Rxd7 25. fxe6 fxe6 26. Bg4 Bd5 27. Rxd4 Nc4 28. Rb1 Nxa3 29. Rxb3 Bxb3 30. Rxd7 Bd5 31. Bf2 a5 32. Re7 Rc8 33. Ba7+ Ka8 34. Bb6 Nc4 35. Bd4 Rc6 36. Be2 a4 37. Bh5 Ra6 38. Be8 Bc6 39. Rxe6 Kb7 40. Re7+ Kc8 41. Re6 Kb7 42. Re7+ Kc8 43. Re6 Kb7 1/2-1/2

[Event "Chigorin Memorial 25th"]
[Site "St Petersburg"]
[Date "2017.10.26"]
[Round "6"]
[White "Khodko, Yurii N"]
[Black "Rubtsov, Aleksandr"]
[Result "1-0"]
[WhiteElo "1583"]
[BlackElo "1895"]
[PlyCount "87"]
[EventDate "2017.10.21"]
[EventType "swiss"]
[EventRounds "9"]
[EventCountry "RUS"]
[SourceTitle "CBM 181 Extra"]
[Source "ChessBase"]
[SourceDate "2017.12.12"]
[SourceVersion "1"]
[SourceVersionDate "2017.12.12"]
[SourceQuality "1"]

1. e4 c5 2. Nf3 d6 3. d4 cxd4 4. Nxd4 Nf6 5. Nc3 a6 6. Be2 e6 7. Be3 Qc7 8. Qd2 b5 9. f3 Bb7 10. a4 bxa4 11. Nxa4 Nbd7 12. 0-0 Be7 13. Qc3 Qxc3 14. bxc3 0-0 15. Rfb1 Rfb8 16. Nb6 Nxb6 17. Rxb6 d5 18. Rab1 dxe4 19. Rxb7 Rxb7 20. Rxb7 Bc5 21. fxe4 g6 22. Nf5 gxf5 23. Bxc5 Nxe4 24. Bd4 a5 25. Bh5 Rf8 26. Ra7 Rb8 27. Bxf7+ Kf8 28. Kf1 e5 29. Bxe5 Rb1+ 30. Ke2 Rg1 31. Bd5 Rxg2+ 32. Ke3 Rxc2 33. Bxe4 fxe4 34. Kxe4 Ra2 35. Rxh7 a4 36. Ra7 Ke8 37. c4 a3 38. Kd5 Rd2+ 39. Ke6 a2 40. Ra8+ Rd8 41. Rxd8+ Kxd8 42. h4 a1Q 43. Bf6+ Qxf6+ 44. Kxf6 1-0

[Event "Chigorin Memorial 24th"]
[Site "St Petersburg"]
[Date "2016.10.16"]
[Round "2"]
[White "Rubtsov, Aleksandr"]
[Black "Sergienko, Sergey"]
[Result "0-1"]
[WhiteElo "1844"]
[BlackElo "2361"]
[PlyCount "44"]
[EventDate "2016.10.15"]
[EventType "swiss"]
[EventRounds "9"]
[EventCountry "RUS"]
[SourceTitle "CBM 175 Extra"]
[Source "ChessBase"]
[SourceDate "2016.12.12"]
[SourceVersion "1"]
[SourceVersionDate "2016.12.12"]
[SourceQuality "1"]

1. e4 g6 2. d4 Bg7 3. Nc3 c6 4. f4 d5 5. e5 Nh6 6. h3 f6 7. g4 Nf7 8. Nf3 fxe5 9. fxe5 e6 10. Na4 Nd7 11. b4 0-0 12. h4 Nfxe5 13. dxe5 Nxe5 14. Nd4 Qd6 15. c3 b5 16. Nb2 a5 17. bxa5 b4 18. Bd2 Nf3+ 19. Ke2 Bxd4 20. cxd4 Ba6+ 21. Kf2 Nxd2+ 22. Kg2 Nxf1 0-1

[Event "St Petersburg Summer op"]
[Site "St Petersburg"]
[Date "2016.08.24"]
[Round "8"]
[White "Gatalov, Dmitriy"]
[Black "Rubtsov, Aleksandr"]
[Result "0-1"]
[WhiteElo "1919"]
[BlackElo "1817"]
[PlyCount "48"]
[EventDate "2016.08.17"]
[EventType "swiss"]
[EventRounds "9"]
[EventCountry "RUS"]
[SourceTitle "CBM 174 Extra"]
[Source "ChessBase"]
[SourceDate "2016.10.10"]
[SourceVersion "1"]
[SourceVersionDate "2016.10.10"]
[SourceQuality "1"]

1. d4 d5 2. c4 e6 3. Nf3 Nf6 4. Nc3 c6 5. Bg5 dxc4 6. e4 b5 7. e5 h6 8. Bh4 g5 9. Nxg5 hxg5 10. Bxg5 Be7 11. exf6 Bxf6 12. Bxf6 Qxf6 13. g3 Bb7 14. Bg2 Na6 15. Nxb5 0-0-0 16. Nxa7+ Kb8 17. Nxc6+ Bxc6 18. Bxc6 Nb4 19. Be4 Rxd4 20. Qe2 Rxe4 21. Qxe4 Nd3+ 22. Ke2 Qxb2+ 23. Kf3 Qxf2+ 24. Kg4 f5+ 0-1

[Event "St Petersburg Summer op"]
[Site "St Petersburg"]
[Date "2016.08.19"]
[Round "3"]
[White "Rubtsov, Aleksandr"]
[Black "Svidinsky, Dmitry"]
[Result "0-1"]
[WhiteElo "1817"]
[BlackElo "2122"]
[PlyCount "150"]
[EventDate "2016.08.17"]
[EventType "swiss"]
[EventRounds "9"]
[EventCountry "RUS"]
[SourceTitle "CBM 174 Extra"]
[Source "ChessBase"]
[SourceDate "2016.10.10"]
[SourceVersion "1"]
[SourceVersionDate "2016.10.10"]
[SourceQuality "1"]

1. e4 c6 2. d4 d5 3. Nc3 dxe4 4. Nxe4 Bf5 5. Ng3 Bg6 6. h4 h6 7. Nf3 Nd7 8. h5 Bh7 9. Bd3 Bxd3 10. Qxd3 e6 11. Bd2 Ngf6 12. 0-0-0 Be7 13. Qe2 0-0 14. Ne5 Qb6 15. f4 Rad8 16. Be3 Nd5 17. Rde1 Nxe5 18. dxe5 Qa5 19. Kb1 Nxe3 20. Qxe3 Rd5 21. Ne4 Rfd8 22. Qf3 Qb6 23. g4 Rb5 24. b3 Ba3 25. Nc3 Rb4 26. Rd1 Rbd4 27. Rxd4 Rxd4 28. Rd1 Qb4 29. Rxd4 Qxd4 30. Nd1 Qd2 31. Nb2 g5 32. hxg6 fxg6 33. Qe4 Kg7 34. Qf3 Qh2 35. Nd1 h5 36. gxh5 gxh5 37. f5 Qd2 38. Nb2 Qe1+ 39. Nd1 exf5 40. Qxh5 Qxe5 41. Qg5+ Kf7 42. Qh5+ Kf8 43. Qh6+ Ke8 44. Qg6+ Kd8 45. Qg8+ Kc7 46. Qf7+ Kb6 47. Qh5 a6 48. Qg5 Qd4 49. Qe3 c5 50. Qf3 Qd2 51. Nb2 Bxb2 52. Kxb2 f4 53. a3 Qd4+ 54. Kc1 c4 55. bxc4 Qxc4 56. Kd2 a5 57. Qf2+ Kb5 58. Qf3 b6 59. Kc1 Qd4 60. Qb3+ Ka6 61. c3 Qe3+ 62. Kc2 Qe4+ 63. Kd2 f3 64. c4 Qe2+ 65. Kc1 Qe1+ 66. Kc2 Qe4+ 67. Kd2 Kb7 68. Qb5 Kc7 69. Qh5 Qf4+ 70. Kd3 f2 71. Qh7+ Kb8 72. Qg8+ Ka7 73. Qh7+ Ka6 74. Qg8 f1Q+ 75. Kc2 Qe2+ 0-1

[Event "St Petersburg Summer op"]
[Site "St Petersburg"]
[Date "2016.08.18"]
[Round "2"]
[White "Rubtsov, Aleksandr"]
[Black "Biyachuev, Minkail"]
[Result "1-0"]
[WhiteElo "1817"]
[BlackElo "1400"]
[PlyCount "107"]
[EventDate "2016.08.17"]
[EventType "swiss"]
[EventRounds "9"]
[EventCountry "RUS"]
[SourceTitle "CBM 174 Extra"]
[Source "ChessBase"]
[SourceDate "2016.10.10"]
[SourceVersion "1"]
[SourceVersionDate "2016.10.10"]
[SourceQuality "1"]

1. e4 c5 2. Nf3 d6 3. d4 cxd4 4. Nxd4 Nc6 5. Nc3 e6 6. Be3 Nf6 7. f3 Be7 8. Qd2 Bd7 9. 0-0-0 a6 10. g4 h6 11. h4 Qc7 12. Be2 0-0-0 13. g5 Ng8 14. f4 f5 15. exf5 exf5 16. Nd5 Qa5 17. Nb3 Qxd2+ 18. Bxd2 Kb8 19. Bc3 Bf8 20. Bf3 Be6 21. Rhe1 Bxd5 22. Bxd5 hxg5 23. Bxg8 Rxg8 24. hxg5 g6 25. Bf6 Rd7 26. Re8+ Kc7 27. Rh1 Ne7 28. Nd4 Nd5 29. Ne6+ Kc6 30. Rxf8 Nxf6 31. Rxf6 Kd5 32. Nf8 Re7 33. Rd1+ Kc5 34. Nxg6 Rd7 35. Nh4 Rh8 36. Nxf5 d5 37. g6 Rh2 38. g7 Rg2 39. Rf8 Rdxg7 40. Nxg7 Rxg7 41. f5 Kd6 42. Re1 Re7 43. Rd8+ Kc7 44. Rxe7+ Kxd8 45. Re5 d4 46. Re4 Kc7 47. Rxd4 Kb6 48. f6 Ka7 49. f7 a5 50. f8Q Kb6 51. Qd6+ Ka7 52. Rd5 b6 53. Rb5 Ka8 54. Rxb6 1-0

[Event "St Petersburg Summer op"]
[Site "St Petersburg"]
[Date "2016.08.17"]
[Round "1"]
[White "Turikov, Viktor"]
[Black "Rubtsov, Aleksandr"]
[Result "1-0"]
[WhiteElo "2209"]
[BlackElo "1817"]
[PlyCount "87"]
[EventDate "2016.08.17"]
[EventType "swiss"]
[EventRounds "9"]
[EventCountry "RUS"]
[SourceTitle "CBM 174 Extra"]
[Source "ChessBase"]
[SourceDate "2016.10.10"]
[SourceVersion "1"]
[SourceVersionDate "2016.10.10"]
[SourceQuality "1"]

1. e4 e5 2. Bc4 Nf6 3. Nf3 Nc6 4. Ng5 d5 5. exd5 Na5 6. d3 Bd6 7. Nc3 a6 8. Bb3 Nxb3 9. axb3 Bb4 10. 0-0 Nxd5 11. Qh5 g6 12. Qf3 Nf6 13. Nce4 Be7 14. Nxf6+ Bxf6 15. Ne4 Be7 16. Bh6 f5 17. Nc3 Kf7 18. Rfe1 Bf6 19. Nd5 c6 20. Nxf6 Qxf6 21. Bd2 Re8 22. Bc3 f4 23. h3 Bf5 24. g4 Bd7 25. Re2 Re7 26. Rae1 Rae8 27. Kh2 Re6 28. b4 R6e7 29. d4 exd4 30. Rxe7+ Rxe7 31. Rxe7+ Kxe7 32. Qe4+ Be6 33. Bxd4 Qf7 34. Bc5+ Kd7 35. Qe5 Kc8 36. Ba7 b5 37. Qb8+ Kd7 38. Qb7+ Kd6 39. Bb8+ Kd5 40. Qb6 Qe7 41. Bxf4 Qxb4 42. Qd8+ Ke4 43. Qd3+ Kxf4 44. Qe3# 1-0

[Event "Chigorin Memorial 23rd"]
[Site "St Petersburg"]
[Date "2015.10.08"]
[Round "6"]
[White "Rubtsov, Aleksandr"]
[Black "Chekletsov, Egor"]
[Result "1-0"]
[WhiteElo "1924"]
[BlackElo "2082"]
[PlyCount "91"]
[EventDate "2015.10.03"]
[EventType "swiss"]
[EventRounds "9"]
[EventCountry "RUS"]
[SourceTitle "CBM 168 Extra"]
[Source "ChessBase"]
[SourceDate "2015.10.29"]
[SourceVersion "1"]
[SourceVersionDate "2015.10.29"]
[SourceQuality "1"]

1. e4 e5 2. Nf3 Nf6 3. Nxe5 Qe7 4. d4 Nc6 5. Nxc6 Qxe4+ 6. Qe2 dxc6 7. Qxe4+ Nxe4 8. Bd3 Nf6 9. Nc3 Be6 10. f3 0-0-0 11. Be3 Bb4 12. Kf2 Ba5 13. a3 Bb6 14. Ne2 Nd5 15. Bd2 Ne7 16. g4 h6 17. Be3 a6 18. h4 h5 19. g5 Bf5 20. Be4 Bxe4 21. fxe4 Ng6 22. Rad1 Nf8 23. c4 Ne6 24. c5 Ba7 25. b4 b6 26. Nf4 Rde8 27. Kf3 Kb7 28. Nd3 Re7 29. Nf4 a5 30. Nxe6 Rxe6 31. Bf4 Rhe8 32. Rhe1 R6e7 33. Rd2 Ka6 34. Rc2 Kb5 35. Be5 g6 36. Rb1 Ra8 37. a4+ Ka6 38. b5+ Kb7 39. bxc6+ Ka6 40. Bf4 Rd8 41. d5 bxc5 42. Rb7 Bb6 43. Rb2 Rde8 44. R2xb6+ cxb6 45. Rxe7 Rxe7 46. d6 1-0

[Event "Chigorin Memorial 23rd"]
[Site "St Petersburg"]
[Date "2015.10.06"]
[Round "4"]
[White "Rubtsov, Aleksandr"]
[Black "Savinov, Leonid"]
[Result "0-1"]
[WhiteElo "1924"]
[BlackElo "2110"]
[PlyCount "154"]
[EventDate "2015.10.03"]
[EventType "swiss"]
[EventRounds "9"]
[EventCountry "RUS"]
[SourceTitle "CBM 168 Extra"]
[Source "ChessBase"]
[SourceDate "2015.10.29"]
[SourceVersion "1"]
[SourceVersionDate "2015.10.29"]
[SourceQuality "1"]

1. e4 c5 2. Nf3 Nc6 3. d4 cxd4 4. Nxd4 g6 5. c4 Bg7 6. Be3 Nf6 7. Nc3 Ng4 8. Nxc6 Nxe3 9. Nxd8 Bxc3+ 10. bxc3 Nxd1 11. Nxf7 Nxf2 12. Nxh8 Nxh1 13. c5 b5 14. cxb6 axb6 15. Bc4 Ra4 16. Bg8 Ba6 17. 0-0-0 Nf2 18. Rd4 Rxd4 19. cxd4 Kf8 20. Bxh7 Kg7 21. Bxg6 Kxh8 22. e5 Kg7 23. Be8 d6 24. exd6 exd6 25. a4 Ng4 26. h4 Ne3 27. Bc6 Nf5 28. Kd2 Nxh4 29. Ke3 Kf6 30. Kf4 Ng6+ 31. Kg4 Ne7 32. Be4 Bc8+ 33. Kf4 Bd7 34. Bc2 Nd5+ 35. Kf3 Nb4 36. Bb3 Bc6+ 37. Kf2 Kf5 38. Ke3 Bxg2 39. Kd2 Na6 40. Kc3 Nc7 41. Bc2+ Kf4 42. Kc4 Ke3 43. Kc3 Bf1 44. Bb3 Bd3 45. Bf7 Be4 46. Kc4 Bc2 47. Kb4 Kxd4 48. a5 bxa5+ 49. Kxa5 Kc5 50. Bb3 Bd3 51. Ka4 d5 52. Bxd5 Nxd5 53. Ka3 Kd4 54. Kb3 Bc4+ 55. Kb2 Kd3 56. Ka1 Kc3 57. Kb1 Bb3 58. Ka1 Ne3 59. Kb1 Nc2 60. Kc1 Ba2 61. Kd1 Nd4 62. Ke1 Kd3 63. Kf2 Bf7 64. Kg3 Ne6 65. Kg4 Bg6 66. Kf3 Bh5+ 67. Kf2 Ke4 68. Ke1 Ke3 69. Kf1 Nf4 70. Kg1 Kf3 71. Kf1 Nd3 72. Kg1 Kg3 73. Kh1 Bg4 74. Kg1 Bh3 75. Kh1 Nf4 76. Kg1 Ne2+ 77. Kh1 Bg2# 0-1

[Event "Chigorin Memorial 22nd"]
[Site "St Petersburg"]
[Date "2014.10.25"]
[Round "8"]
[White "Bezstrakhov, Dmitry"]
[Black "Rubtsov, Aleksandr"]
[Result "1-0"]
[WhiteElo "1987"]
[BlackElo "1666"]
[PlyCount "71"]
[EventDate "2014.10.18"]
[EventType "swiss"]
[EventRounds "9"]
[EventCountry "RUS"]
[SourceTitle "EXT 2015"]
[Source "ChessBase"]
[SourceDate "2014.11.20"]
[SourceVersion "1"]
[SourceVersionDate "2014.11.20"]
[SourceQuality "1"]

1. d4 d5 2. c4 c6 3. e3 Nf6 4. Qc2 e6 5. Nf3 Bd6 6. Nc3 0-0 7. Bd3 Nbd7 8. 0-0 b6 9. e4 dxe4 10. Nxe4 Be7 11. Bf4 Bb7 12. Nd6 Bxd6 13. Bxd6 Re8 14. c5 h6 15. b4 b5 16. Qd2 Nd5 17. Bc2 N7f6 18. a3 a5 19. Ne5 Ne7 20. Nf3 Ned5 21. h3 Ra6 22. Rfe1 Qa8 23. Rab1 axb4 24. axb4 Ra3 25. Be5 Nc3 26. Bxf6 Nxb1 27. Bxb1 Qa4 28. Qf4 Rxf3 29. gxf3 Qxb4 30. Rf1 Rc8 31. Qg4 g5 32. Qe4 Kf8 33. Qh7 Ke8 34. Bg6 Rc7 35. Qg8+ Kd7 36. Qd8# 1-0

[Event "Chigorin Memorial 22nd"]
[Site "St Petersburg"]
[Date "2014.10.24"]
[Round "7"]
[White "Rubtsov, Aleksandr"]
[Black "Karasev, Vladimir I"]
[Result "0-1"]
[WhiteElo "1666"]
[BlackElo "2377"]
[PlyCount "134"]
[EventDate "2014.10.18"]
[EventType "swiss"]
[EventRounds "9"]
[EventCountry "RUS"]
[SourceTitle "EXT 2015"]
[Source "ChessBase"]
[SourceDate "2014.11.20"]
[SourceVersion "1"]
[SourceVersionDate "2014.11.20"]
[SourceQuality "1"]

1. e4 c5 2. Nf3 e6 3. d4 cxd4 4. Nxd4 Qb6 5. Nb3 Qc7 6. Nc3 a6 7. Be3 Nf6 8. f3 Bd6 9. Qd2 Bb4 10. a3 Bxc3 11. Qxc3 Qxc3+ 12. bxc3 d6 13. c4 Nbd7 14. 0-0-0 Ke7 15. Bf4 e5 16. Be3 b6 17. Be2 a5 18. Kb2 Ba6 19. Rd2 Rhc8 20. Rhd1 Rc6 21. Bg5 h6 22. Bh4 g5 23. Bf2 Ne8 24. Nc1 Bxc4 25. Na2 Bxe2 26. Rxe2 Rac8 27. Rd3 Nc5 28. Bxc5 Rxc5 29. Nc3 Nf6 30. Nd1 Ke6 31. Ne3 d5 32. exd5+ Nxd5 33. Nxd5 Rxd5 34. Rb3 b5 35. g3 Rc4 36. Rbe3 f5 37. h3 h5 38. Rg2 Kd6 39. c3 g4 40. hxg4 hxg4 41. fxg4 Rxg4 42. Rh2 e4 43. Rh6+ Ke5 44. Kc2 Rg8 45. Rh5 Rd3 46. Rxd3 exd3+ 47. Kxd3 Rxg3+ 48. Kd2 Rg2+ 49. Kd3 Ra2 50. Rh8 Rxa3 51. Kc2 b4 52. cxb4 axb4 53. Rb8 Rc3+ 54. Kd2 Rc4 55. Ke3 f4+ 56. Ke2 Kd4 57. Kd2 Ke4 58. Ke2 f3+ 59. Kf2 Kd3 60. Kxf3 Kc2 61. Re8 b3 62. Re2+ Kc3 63. Re3+ Kb4 64. Re8 b2 65. Rb8+ Kc3 66. Ke3 Kc2 67. Ke2 b1Q 0-1

[Event "Chigorin Memorial 22nd"]
[Site "St Petersburg"]
[Date "2014.10.19"]
[Round "2"]
[White "Mezentsev, Ivan"]
[Black "Rubtsov, Aleksandr"]
[Result "1-0"]
[WhiteElo "2080"]
[BlackElo "1666"]
[PlyCount "69"]
[EventDate "2014.10.18"]
[EventType "swiss"]
[EventRounds "9"]
[EventCountry "RUS"]
[SourceTitle "EXT 2015"]
[Source "ChessBase"]
[SourceDate "2014.11.20"]
[SourceVersion "1"]
[SourceVersionDate "2014.11.20"]
[SourceQuality "1"]

1. d4 d5 2. c4 c6 3. Nc3 Nf6 4. Nf3 e6 5. Bg5 h6 6. Bh4 Be7 7. e3 Nbd7 8. Bd3 0-0 9. 0-0 dxc4 10. Bxc4 b6 11. Qe2 Bb7 12. Rfd1 Qc7 13. Rac1 Rac8 14. Bd3 Qb8 15. e4 Rfe8 16. Bg3 Qa8 17. h3 c5 18. Nb5 Nh5 19. Bh2 Nhf6 20. Nd2 cxd4 21. Nc7 Rxc7 22. Bxc7 e5 23. Nc4 Bc5 24. Bd6 Nxe4 25. Bxe4 Bxe4 26. Bxc5 Nxc5 27. Nd6 Re6 28. Nxe4 Nxe4 29. Re1 Nc5 30. b4 Na4 31. Rc7 Qb8 32. Rd7 b5 33. Qf3 a6 34. Qxf7+ Kh7 35. Qxg7# 1-0

[Event "Ukhta-ch"]
[Site "Ukhta"]
[Date "2010.12.05"]
[Round "11"]
[White "Vasilev, Peter"]
[Black "Rubtsov, Aleksandr"]
[Result "1-0"]
[WhiteElo "1969"]
[BlackElo "1954"]
[PlyCount "89"]
[EventDate "2010.11.04"]
[EventType "tourn"]
[EventRounds "13"]
[EventCountry "RUS"]
[SourceTitle "EXT 2022"]
[Source "ChessBase"]
[SourceDate "2021.10.06"]
[SourceVersion "1"]
[SourceVersionDate "2021.10.06"]
[SourceQuality "1"]

1. Nf3 d5 2. g3 d4 3. Bg2 c5 4. c3 Nc6 5. cxd4 cxd4 6. Qa4 Qd7 7. 0-0 e5 8. d3 Bd6 9. Nbd2 a6 10. Ne4 b5 11. Qb3 Na5 12. Nxd6+ Qxd6 13. Qa3 Qxa3 14. bxa3 Bb7 15. Nxe5 Ne7 16. Nf3 Rd8 17. Bb2 Nac6 18. Rfc1 f6 19. Rc2 Kf7 20. Rac1 Rd6 21. Nd2 f5 22. Nb3 Ba8 23. Nc5 a5 24. Nb3 Rb8 25. Rc5 g6 26. h4 Ke6 27. R1c2 a4 28. Nd2 h6 29. Nf3 Rb6 30. Bc1 h5 31. Rb2 Rd5 32. Ng5+ Kd6 33. Rcc2 b4 34. Bxd5 Kxd5 35. axb4 Rxb4 36. Rxb4 Nxb4 37. Rb2 Nec6 38. a3 Na6 39. Rb5+ Nc5 40. e4+ dxe3 41. fxe3 Kd6 42. d4 Ne4 43. Nxe4+ fxe4 44. Bd2 Ke6 45. Rb6 1-0

[Event "Ukhta-ch"]
[Site "Ukhta"]
[Date "2010.11.07"]
[Round "4"]
[White "Solovyev, Anton"]
[Black "Rubtsov, Aleksandr"]
[Result "1-0"]
[WhiteElo "2074"]
[BlackElo "1954"]
[PlyCount "35"]
[EventDate "2010.11.04"]
[EventType "tourn"]
[EventRounds "13"]
[EventCountry "RUS"]
[SourceTitle "EXT 2022"]
[Source "ChessBase"]
[SourceDate "2021.10.06"]
[SourceVersion "1"]
[SourceVersionDate "2021.10.06"]
[SourceQuality "1"]

1. e4 e5 2. Nf3 Nc6 3. d4 exd4 4. Nxd4 Bc5 5. Be3 Qh4 6. Nc3 Bb4 7. Nxc6 Bxc3+ 8. bxc3 dxc6 9. Qd4 Qf6 10. Rd1 Be6 11. e5 Qg6 12. Bd3 Qg4 13. h3 Qxd4 14. cxd4 Bxa2 15. c4 a5 16. Ra1 Bb3 17. 0-0 Ne7 18. Rfb1 1-0

[Event "Ukhta Spring"]
[Site "Ukhta"]
[Date "2010.04.10"]
[Round "5"]
[White "Rubtsov, Aleksandr"]
[Black "Volkov, Sergei E"]
[Result "1/2-1/2"]
[WhiteElo "1960"]
[BlackElo "2046"]
[PlyCount "50"]
[EventDate "2010.04.17"]
[EventType "tourn"]
[EventRounds "11"]
[EventCountry "RUS"]
[SourceTitle "EXT 2013"]
[Source "ChessBase"]
[SourceDate "2012.11.22"]
[SourceVersion "1"]
[SourceVersionDate "2012.11.22"]
[SourceQuality "1"]

1. e4 e5 2. Nf3 Nc6 3. Nc3 Nf6 4. Bc4 Bc5 5. 0-0 0-0 6. d3 d6 7. h3 h6 8. Be3 Bb6 9. Re1 Be6 10. Bb3 Re8 11. Bxb6 Bxb3 12. Bxc7 Bxc2 13. Bxd8 Bxd1 14. Bxf6 Bxf3 15. Bxg7 Bxg2 16. Bxh6 Bxh3 17. Kh2 Kh7 18. Bf8 Bf1 19. Bxd6 Bxd3 20. f4 f5 21. exf5 exf4 22. Bxf4 Bxf5 23. Rxe8 Rxe8 24. Rd1 Rd8 25. Rxd8 Nxd8 1/2-1/2